Immortal Queen. (Record no. 532994)

000 -LEADER
fixed length control field 00729cam a22002531 4500
001 - CONTROL NUMBER
control field 7463024
003 - CONTROL NUMBER IDENTIFIER
control field NUST
005 - DATE AND TIME OF LATEST TRANSACTION
control field 20191210094436.0
008 - FIXED-LENGTH DATA ELEMENTS--GENERAL INFORMATION
fixed length control field 750702s1956 nyu 000 1 eng
010 ## - LIBRARY OF CONGRESS CONTROL NUMBER
LC control number 56010189
035 ## - SYSTEM CONTROL NUMBER
System control number (OCoLC)1426781
038 ## - RECORD CONTENT LICENSOR
Staff Name Muhammad Ibrahim
040 ## - CATALOGING SOURCE
Original cataloging agency DLC
Transcribing agency FO
Modifying agency OCoLC
-- DLC
042 ## - AUTHENTICATION CODE
Authentication code premarc
050 00 - LIBRARY OF CONGRESS CALL NUMBER
Classification number PZ4.B995
Item number Im
Classification number PS3552.Y67
082 ## - DEWEY DECIMAL CLASSIFICATION NUMBER
Classification number 823.91
Author Mark BYR 1956
100 1# - MAIN ENTRY--PERSONAL NAME
Personal name Byrd, Elizabeth.
9 (RLIN) 26636
245 10 - TITLE STATEMENT
Title Immortal Queen.
Statement of responsibility, etc. Elizabeth Byrd
260 ## - PUBLICATION, DISTRIBUTION, ETC.
Place of publication, distribution, etc. London,
Name of publisher, distributor, etc. Constable and Company Ltd
Date of publication, distribution, etc. [1956]
300 ## - PHYSICAL DESCRIPTION
Extent 551 p.
Dimensions 22 cm.
600 00 - SUBJECT ADDED ENTRY--PERSONAL NAME
Personal name Mary,
Titles and other words associated with a name Queen of Scots,
Dates associated with a name 1542-1587
Form subdivision Fiction.
9 (RLIN) 26638
906 ## - LOCAL DATA ELEMENT F, LDF (RLIN)
a 7
b cbc
c oclcrpl
d u
e ncip
f 19
g y-gencatlg
942 ## - ADDED ENTRY ELEMENTS (KOHA)
Source of classification or shelving scheme
Koha item type Book
Holdings
Withdrawn status Lost status Source of classification or shelving scheme Damaged status Not for loan Permanent Location Current Location Shelving location Date acquired Total Checkouts Full call number Barcode Date last seen Price effective from Koha item type
          Centre for International Peace & Stability (CIPS) Centre for International Peace & Stability (CIPS) Fiction 12/10/2019   823.91 BYR 1956 CIPSD0000561 12/10/2019 12/10/2019 Book
© 2023 Central Library, National University of Sciences and Technology. All Rights Reserved.